| 000 | 00625nam a2200217Ia 4500 | ||
|---|---|---|---|
| 001 | 15817 | ||
| 003 | GE_BSU | ||
| 008 | 181216s||||||||xx |||||||||||||| ||und|| | ||
| 040 | _cGE_BSU | ||
| 080 | _a821.353.1-31 | ||
| 100 | _aჭელიძე, გიზო | ||
| 245 | _aჯიმაჩაფილი | ||
| 245 | _bრომანი | ||
| 245 | _cრედ.ლ.ბეჟანიძე.მხ.ჯ.მიქელაძე | ||
| 260 | _aბათუმი | ||
| 260 | _bსაბჭ. აჭარა | ||
| 260 | _c1981 | ||
| 300 | _a119გვ. ; 20სმ | ||
| 653 | _aჯიმაჩაფილი | ||
| 942 | _cBK | ||
| 999 |
_c48914 _d48914 |
||